000 00555nam a2200229Ia 4500
003 OSt
005 20231120091144.0
008 210210b1928 xxu||||| |||| 00| 0 eng d
040 _cAL
041 _aeng
082 _a822/897
100 _aNEWBOLT (H)
_9142188
245 _aPattern prose part IV
260 _aLondon
_bThomas Nelson and Sons Limited
_c1928
650 _aprose
_9142189
650 _aPattern
_9142190
650 _apart
_9142191
650 _aIV
_9142192
690 _aEnglish Prose
_9142193
906 _a013080
942 _2ddc
_cBK
999 _c131914
_d131914